书目信息 |
| 题名: |
建筑企业形象策划
|
|
| 作者: | 刘杰 主编 | |
| 分册: | ||
| 出版信息: | 北京 中国建筑工业出版社 2002.10 |
|
| 页数: | 259页 | |
| 开本: | 25cm | |
| 丛书名: | ||
| 单 册: | ||
| 中图分类: | F407.9 | |
| 科图分类: | ||
| 主题词: | 工业经济--经济理论 | |
| 电子资源: | ||
| ISBN: | 7-112-05197-5 | |
| 000 | 00551nam0 2200193 45 | |
| 001 | 0431626808 | |
| 005 | 2004042708470680 | |
| 010 | @a7-112-05197-5@d57.00CNY | |
| 100 | @a20040427d2002 km y0chiy0120 ea | |
| 101 | 0 | @achi |
| 102 | @aCN@b110000 | |
| 200 | 1 | @a建筑企业形象策划@Ajian zhu qi ye xing xiang ce hua@f刘杰主编@FLiu Jie Zhu Bian |
| 210 | @a北京@c中国建筑工业出版社@d2002.10 | |
| 215 | @a259页@d25cm | |
| 606 | 0 | @a工业经济@x经济理论 |
| 690 | @aF407.9@v3 | |
| 701 | 0 | @a刘杰@ALiu Jie@4主编 |
| 801 | 0 | @aCN@bPFT@c20040427 |
| 905 | @dF407.9@eL631 | |
| 建筑企业形象策划/刘杰主编.-北京:中国建筑工业出版社,2002.10 |
| 259页;25cm |
| ISBN 7-112-05197-5:57.00CNY |
| ● |
| 相关链接 |
|
|
|
正题名:建筑企业形象策划
索取号:F407.9/L631
 
预约/预借
| 序号 | 登录号 | 条形码 | 馆藏地/架位号 | 状态 | 备注 |
| 1 | 392531 | 203925315 | 管理学院资料室/ [索取号:F407.9/L631] | 在馆 | |
| 2 | 392532 | 203925324 | 社科库409/409社科库 34排6列4层/ [索取号:F407.9/L631] | 在馆 |